LEADER 00938nam0-2200349---450- 001 990003760290403321 005 20070719125416.0 010 $a88-07-08105-9 035 $a000376029 035 $aFED01000376029 035 $a(Aleph)000376029FED01 035 $a000376029 100 $a20030910d1992----km-y0itay50------ba 101 0 $aita 105 $ay-------001yy 200 1 $a<>etą dell'oro$eadolescenti tra sogno ed esperienza$fAnna Fabbrini, Alberto Melucci 205 $a1. ed 210 $aMilano$cFeltrinelli$d1992 215 $a181 p.$d22 cm 225 1 $aSaggi 610 0 $aAdolescenti 676 $a305.235 676 $a155.5 700 1$aFabbrini,$bAnna$0142773 702 1$aMelucci,$bAlberto$f<1943-2001> 801 0$aIT$bUNINA$gRICA$2UNIMARC 901 $aBK 912 $a990003760290403321 952 $a305.235 FAB 1$b3536$fBFS 959 $aBFS 996 $aEtą dell'oro$9271886 997 $aUNINA LEADER 01007nam0-2200337---450- 001 990008661670403321 005 20081111125904.0 010 $a0-521-83971-8 035 $a000866167 035 $aFED01000866167 035 $a(Aleph)000866167FED01 035 $a000866167 100 $a20080521d2005----km-y0itay50------ba 101 0 $aeng 102 $aGB 105 $aa-------001yy 200 1 $aEssentials of statistical inference$fG.A. Young, R.L. Smith 210 $aCambridge$cCambridge university press$d2005 215 $aX, 225 p.$cill.$d26 cm 225 1 $aCambridge series in statistical and probabilistic mathematics$v16 610 0 $aInferenza statistica 676 $a519.54$v21$zita 700 1$aYoung,$bG.A.$069213 701 1$aSmith,$bRichard L.$0142683 801 0$aIT$bUNINA$gRICA$2UNIMARC 901 $aBK 912 $a990008661670403321 952 $aVI E 863 (16)$b43264$fFSPBC 959 $aFSPBC 996 $aEssentials of statistical inference$9715508 997 $aUNINA